00695nam a2200193 i 450000100060000000300090000600500170001500700030003200800410003504000200007610000470009624500910014326000490023430000200028370000290030385200240033299900170035695201280037352991ES-MaACL20251019063040.0t|950907s1884 fr ||||1| fre d aCAM bspa cCAM1 aDostoievski, Fiódor, d1821-1881924237113aLe crime et le chatiment / cTh. Dostoïevsky ; traduit du russe par Victor Derély. aParis : bE. Plon, Nourrit et Cie., c[1884] a2 v. ; c18 cm.1 aDerély, Victor.943765 aES-MaACLjD-1981-82 c52991d52991 001040708LIBXIXaATENEOMbATENEOMcSVId2008-01-17eSCl0oD-1981-82p901055685r2023-02-23 00:00:00w2023-02-23yMONANT